A carregar...

മായാപുരാണം (Mayapuranam)

Detalhes bibliográficos
Autor principal: പി സുരേന്ദ്രൻ ( Surendran, P)
Formato: Printed Book
Publicado em: Kozhikode Poorna 2016
Assuntos:
LEADER 00511nam a2200145 4500
999 |c 58759  |d 58759 
020 |a 9788130018065 
082 |a M894.8123  |b SUR/M 
100 |a പി സുരേന്ദ്രൻ ( Surendran, P) 
245 |a മായാപുരാണം (Mayapuranam) 
260 |a Kozhikode  |b Poorna  |c 2016 
300 |a 136p 
650 |a malayalam novel  
942 |c BK 
952 |0 0  |1 0  |4 0  |6 M_894_812300000000000_SUR_M  |7 0  |9 65861  |a KUCL  |c M  |d 2020-06-08  |g 125.00  |l 0  |o M894.8123 SUR/M  |p 50335  |r 2020-06-08  |w 2020-06-08  |y BK